Fr. Conceicao Rodrigues College of Engineering

Heat transfer (Record no. 34737)

MARC details
000 -LEADER
fixed length control field 00284nam a2200145Ia 4500
082 ## - DEWEY DECIMAL CLASSIFICATION NUMBER
Classification number 621.4022
100 ## - MAIN ENTRY--PERSONAL NAME
Personal name Sucec/ James
245 ## - TITLE STATEMENT
Title Heat transfer
260 ## - PUBLICATION, DISTRIBUTION, ETC.
Name of publisher, distributor, etc. Jaico Pub
Place of publication, distribution, etc. Bombay
Date of publication, distribution, etc. 1994
300 ## - PHYSICAL DESCRIPTION
Extent 853
546 ## - LANGUAGE NOTE
Language note ENGLISH
654 ## - SUBJECT ADDED ENTRY--FACETED TOPICAL TERMS
Focus term Heat
942 ## - ADDED ENTRY ELEMENTS (KOHA)
Koha item type Reference Book
Holdings
Withdrawn status Lost status Damaged status Not for loan Collection Home library Current library Shelving location Date acquired Source of acquisition Cost, normal purchase price Total Checkouts Full call number Barcode Date last seen Cost, replacement price Price effective from Koha item type
        CRC Fr. Agnel's C.Rodrigues College of Engineering Fr. Agnel's C.Rodrigues College of Engineering   17/03/2023 global books 995.00   621.4022 5592 17/03/2023 995.00 17/03/2023 Reference Book